• 首页
  • 本馆介绍
  • 公告通知
  • 最新文献
  • 馆藏检索
  • 电子资源
  • 读者导购
  • 参考咨询
  • 我的图书馆
  • 登录
  • 详细信息显示
  • 放入我的书架
  • 预约/预借图书
  • 作者相关作品
  • 分类相关作品
  • 丛书相关作品
  • 出版社相关作品

书目信息

  • 表格格式
  • 工作单格式
  • 卡片格式
题名:
新行政诉讼法导读
    
 
作者: 江必新 , 邵长茂 , 李洋 编著
分册:  
出版信息: 北京   中国法制出版社  2015
页数: 205页
开本: 24cm
丛书名: 新行政诉讼法理解与适用丛书
单 册:
中图分类: D925.304
科图分类:
主题词: 行政诉讼法--Hang Zheng Su Song Fa--基本知识--中国
电子资源:
ISBN: 978-7-5093-5818-4
000 01275nam0 22002891 450
001 350095
005 20161009082709.45
010    @a978-7-5093-5818-4@dCNY39.00
100    @a20150316d2015 em y0chiy50 ea
101 0  @achi
102    @aCN@b110000
105    @ay nz 000yy
106    @ar
200 1  @a新行政诉讼法导读@AXin Hang Zheng Su Song Fa Dao Du@e附新旧条文对照表及相关法律规范@f江必新,邵长茂,李洋编著
210    @a北京@c中国法制出版社@d2015
215    @a205页@d24cm
225 2  @a新行政诉讼法理解与适用丛书@AXin Hang Zheng Su Song Fa Li Jie Yu Shi Yong Cong Shu
330    @a本书通过对相关立法事实的收集与整理、修改决定的规范梳理与分析、相关争论极其最终结论的描述、规范所隐含的立法者价值取向的揭示,对全国人大常委会行政诉讼法2014年修改决定进行简明导读,对行政诉讼法修改中广受热议的焦点问题进行深度剖析。
461  0 @12001 @a新行政诉讼法理解与适用丛书
517 1  @a附新旧条文对照表及相关法律规范@AFu Xin Jiu Tiao Wen Dui Zhao Biao Ji Xiang Guan Fa Lv Gui Fan
606 0  @a行政诉讼法@AHang Zheng Su Song Fa@x基本知识@y中国
690    @aD925.304@v5
701  0 @a江必新@AJiang Bi Xin@f(1956~)@4编著
701  0 @a邵长茂@AShao Chang Mao@4编著
701  0 @a李洋@ALi Yang@4编著
801  0 @aCN@bTANGWEI@20160803
905    @b0888300-4@dD925.304@e552@f5
    
    新行政诉讼法导读:附新旧条文对照表及相关法律规范/江必新,邵长茂,李洋编著 .-北京:中国法制出版社,2015
    205页;24cm.-(新行政诉讼法理解与适用丛书)
    
    
    ISBN 978-7-5093-5818-4:CNY39.00
    本书通过对相关立法事实的收集与整理、修改决定的规范梳理与分析、相关争论极其最终结论的描述、规范所隐含的立法者价值取向的揭示,对全国人大常委会行政诉讼法2014年修改决定进行简明导读,对行政诉讼法修改中广受热议的焦点问题进行深度剖析。
●
相关链接 在E读中查询图书 在五车中查询图书 在当当中查询图书 在豆瓣中查询图书


正题名:新行政诉讼法导读     索取号:D925.304/552         预约/预借

序号 登录号 条形码 馆藏地/架位号 状态 备注
1 0888300   208883001   第一样本阅览室/ [索取号:D925.304/552] 在馆    
2 0888301   208883010   密集书库-史法系/ [索取号:D925.304/552] 在馆    
3 0888302   208883029   第一借阅区/ [索取号:D925.304/552] 在馆    
4 0888303   208883038   第一借阅区/ [索取号:D925.304/552] 在馆    
5 0888304   208883047   第一借阅区/ [索取号:D925.304/552] 在馆    
唐山师范学院图书馆 欢迎您!
大连网信软件有限公司© 版权所有